<?xml version="1.0" encoding="UTF-8"?>
<record
    xmlns:xsi="http://www.w3.org/2001/XMLSchema-instance"
    xsi:schemaLocation="http://www.loc.gov/MARC21/slim http://www.loc.gov/standards/marcxml/schema/MARC21slim.xsd"
    xmlns="http://www.loc.gov/MARC21/slim">

  <leader>03357nam a2200553Ia 4500</leader>
  <controlfield tag="001">703</controlfield>
  <controlfield tag="008">241029s9999    xx            000 0 und d</controlfield>
  <datafield tag="010" ind1=" " ind2=" ">
    <subfield code="a">631</subfield>
  </datafield>
  <datafield tag="041" ind1=" " ind2=" ">
    <subfield code="a">Espa&#xF1;ol</subfield>
  </datafield>
  <datafield tag="082" ind1=" " ind2=" ">
    <subfield code="a">NO APLICA</subfield>
  </datafield>
  <datafield tag="245" ind1=" " ind2="0">
    <subfield code="a">An&#xE1;lisis de los criterios de contrataci&#xF3;n y administraci&#xF3;n del personal m&#xF3;vil en proyectos de construcci&#xF3;n, en Rep&#xFA;blica Dominicana.</subfield>
  </datafield>
  <datafield tag="260" ind1=" " ind2=" ">
    <subfield code="a">Distrito Nacional</subfield>
  </datafield>
  <datafield tag="300" ind1=" " ind2=" ">
    <subfield code="a">127</subfield>
  </datafield>
  <datafield tag="520" ind1=" " ind2=" ">
    <subfield code="a">12</subfield>
  </datafield>
  <datafield tag="630" ind1=" " ind2=" ">
    <subfield code="a">Actitudes</subfield>
  </datafield>
  <datafield tag="630" ind1=" " ind2=" ">
    <subfield code="a">Administraci&#xF3;n de Proyectos</subfield>
  </datafield>
  <datafield tag="630" ind1=" " ind2=" ">
    <subfield code="a">Capital Humano</subfield>
  </datafield>
  <datafield tag="650" ind1=" " ind2=" ">
    <subfield code="a">Investigaci&#xF3;n</subfield>
  </datafield>
  <datafield tag="690" ind1=" " ind2=" ">
    <subfield code="a">Elaborado</subfield>
  </datafield>
  <datafield tag="700" ind1=" " ind2=" ">
    <subfield code="e">asesor</subfield>
    <subfield code="a">Hern&#xE1;ndez, Luis E.</subfield>
  </datafield>
  <datafield tag="700" ind1=" " ind2=" ">
    <subfield code="e">autor</subfield>
    <subfield code="a">Ledesma Collado, Arleen Katherine</subfield>
  </datafield>
  <datafield tag="700" ind1=" " ind2=" ">
    <subfield code="e">asesor</subfield>
    <subfield code="a">Guill&#xE9;n, Jos&#xE9; L.</subfield>
  </datafield>
  <datafield tag="901" ind1=" " ind2=" ">
    <subfield code="a">{"1":"Ledesma Collado"}</subfield>
    <subfield code="b">{"1":"Arleen Katherine"}</subfield>
  </datafield>
  <datafield tag="902" ind1=" " ind2=" ">
    <subfield code="a">2</subfield>
  </datafield>
  <datafield tag="903" ind1=" " ind2=" ">
    <subfield code="a">{"1":"Guill&#xE9;n","2":"Hern&#xE1;ndez"}</subfield>
    <subfield code="b">{"1":"Jos&#xE9; L.","2":"Luis E."}</subfield>
  </datafield>
  <datafield tag="904" ind1=" " ind2=" ">
    <subfield code="a">Maestr&#xED;a en</subfield>
  </datafield>
  <datafield tag="905" ind1=" " ind2=" ">
    <subfield code="a">Administraci&#xF3;n</subfield>
  </datafield>
  <datafield tag="906" ind1=" " ind2=" ">
    <subfield code="a">2</subfield>
  </datafield>
  <datafield tag="907" ind1=" " ind2=" ">
    <subfield code="a">NO APLICA</subfield>
  </datafield>
  <datafield tag="908" ind1=" " ind2=" ">
    <subfield code="a">NO APLICA</subfield>
  </datafield>
  <datafield tag="909" ind1=" " ind2=" ">
    <subfield code="a">Universidad Nacional Pedro Henr&#xED;quez Ure&#xF1;a (UNPHU), Recinto Garrido Puello</subfield>
  </datafield>
  <datafield tag="910" ind1=" " ind2=" ">
    <subfield code="a">NULL</subfield>
    <subfield code="b">NULL</subfield>
  </datafield>
  <datafield tag="911" ind1=" " ind2=" ">
    <subfield code="a">["1"]</subfield>
  </datafield>
  <datafield tag="912" ind1=" " ind2=" ">
    <subfield code="a">NO APLICA</subfield>
  </datafield>
  <datafield tag="913" ind1=" " ind2=" ">
    <subfield code="a">NULL</subfield>
  </datafield>
  <datafield tag="914" ind1=" " ind2=" ">
    <subfield code="a">01 de Enero de 2014</subfield>
  </datafield>
  <datafield tag="915" ind1=" " ind2=" ">
    <subfield code="a">05/11/19 02:11</subfield>
  </datafield>
  <datafield tag="916" ind1=" " ind2=" ">
    <subfield code="a">NULL</subfield>
  </datafield>
  <datafield tag="917" ind1=" " ind2=" ">
    <subfield code="a">NULL</subfield>
  </datafield>
  <datafield tag="918" ind1=" " ind2=" ">
    <subfield code="a">NO APLICA</subfield>
  </datafield>
  <datafield tag="919" ind1=" " ind2=" ">
    <subfield code="a">["6","9","31"]</subfield>
  </datafield>
  <datafield tag="520" ind1=" " ind2=" ">
    <subfield code="a">El objetivo principal de este estudio, consisti&#xF3; en analizar los criterios de contrataci&#xF3;n y administraci&#xF3;n del personal m&#xF3;vil en los proyectos de construcci&#xF3;n, que se efect&#xFA;an en Rep&#xFA;blica Dominicana. La metodolog&#xED;a utilizada fue de tipo descriptivo. Como t&#xE9;cnicas se emplearon: entrevistas, encuestas, investigaci&#xF3;n documental, revisi&#xF3;n del C&#xF3;digo de Trabajo y su reglamento. Se designaron dos cuestionarios, dirigidos a una poblaci&#xF3;n compuesta por las empresas que se dedican a la construcci&#xF3;n de edificaciones en Rep&#xFA;blica Dominicana. El marco muestral se compuso de las empresas registradas en la C&#xE1;mara de Comercio y Producci&#xF3;n de Santo Domingo. Entre las principales conclusiones del estudio se destac&#xF3; que los criterios utilizados para la contrataci&#xF3;n y administraci&#xF3;n del personal m&#xF3;vil en los proyectos de construcci&#xF3;n, difieren considerablemente del marco legal vigente. Adem&#xE1;s de realizarse al margen de lo establecido por los procesos de Gesti&#xF3;n de Recursos Humanos en proyectos. Entre las causas que provocan esta situaci&#xF3;n se encuentran: la falta de conocimiento de las leyes y normas establecidas, para la gesti&#xF3;n de personal m&#xF3;vil de construcci&#xF3;n, elevada rotaci&#xF3;n del personal m&#xF3;vil, entre otras.El estudio sugiere a las empresas constructoras, tener un procedimiento que normalice la estructura del personal m&#xF3;vil, que se contrata en los proyectos de construcci&#xF3;n. Establecer condiciones de contrato, desde el inicio. Las empresas constructoras deben fomentar la capacitaci&#xF3;n del personal m&#xF3;vil, mediante cursos de formaci&#xF3;n t&#xE9;cnica, impartidos por Instituciones como: INFOTEP, la ENAO y la ENACO. Por &#xFA;ltimo, se le propone a la TSS regularizar el procedimiento para que todos los trabajadores m&#xF3;viles y ocasionales est&#xE9;n debidamente protegidos por la Ley 87-01, sobre Seguridad Social.</subfield>
  </datafield>
  <datafield tag="921" ind1=" " ind2=" ">
    <subfield code="a">16</subfield>
  </datafield>
  <datafield tag="922" ind1=" " ind2=" ">
    <subfield code="a">16</subfield>
  </datafield>
  <datafield tag="923" ind1=" " ind2=" ">
    <subfield code="a">0</subfield>
  </datafield>
  <datafield tag="924" ind1=" " ind2=" ">
    <subfield code="a">NO APLICA</subfield>
  </datafield>
  <datafield tag="942" ind1=" " ind2=" ">
    <subfield code="c">Tesis</subfield>
  </datafield>
  <datafield tag="999" ind1=" " ind2=" ">
    <subfield code="c">631</subfield>
    <subfield code="d">631</subfield>
  </datafield>
</record>
